|
|
|
|
| LEADER |
00000nab a2200000uu 4500 |
| 001 |
vtls011480243 |
| 003 |
SK-MaSNL |
| 005 |
20260303160035.0 |
| 008 |
230222|2001 xo |||||||||||||||||pol| |
| 015 |
|
|
|a SNBRB
|
| 035 |
|
|
|a (urnnbn)urn:nbn:sk:snk:ar-0056kf
|
| 035 |
|
|
|a (uuid)c788f5a1-b567-423a-b8c6-a3c8e0c54212
|
| 035 |
|
|
|a urn:nbn:sk:snk-abd7u9
|
| 040 |
|
|
|a SNKBUCL
|b slo
|c SNKBUCL
|e AACR2
|
| 041 |
0 |
|
|a pol
|
| 044 |
|
|
|a xo
|c SK
|
| 100 |
1 |
|
|a Janiszewski, K.
|4 aut
|9 1180322
|
| 245 |
1 |
0 |
|a ZNACZENIE ZARZĄDZANIA ŚRODOWISKOWEGO (ISO 14001) W PRZEDSIĘBIORSTWIE HUTNICZYM
|c Kuczyńska-Chałada M., K. Janiszewski
|
| 246 |
3 |
|
|a IMPORTANT ENVIRONMENTAL MANAGEMENT (ISO 14001) IN THE STEEL-WORKS
|
| 700 |
1 |
|
|a Kuczyńska-Chałada M.
|4 aut
|9 1180323
|
| 773 |
0 |
|
|t Acta Metallurgica Slovaca : časopis Hutníckej fakulty Technickej univerzity Košice
|g Roč. 7, č. 5 (2/3) (2001), s. 515-518
|
| 958 |
|
|
|a OND
|
| 958 |
|
|
|a EUIPO
|
| 958 |
|
|
|a article18
|
| 999 |
|
|
|c 2043965
|d 2045895
|